Basic sign vocabulary for Filipino children (Record no. 1925)
[ view plain ]
| 000 -LEADER | |
|---|---|
| fixed length control field | 00356nam a22001457a 4500 |
| 003 - CONTROL NUMBER IDENTIFIER | |
| control field | 0 |
| 005 - DATE AND TIME OF LATEST TRANSACTION | |
| control field | 20220114141918.0 |
| 008 - FIXED-LENGTH DATA ELEMENTS--GENERAL INFORMATION | |
| fixed length control field | 0 |
| 040 ## - CATALOGING SOURCE | |
| Transcribing agency | 0 |
| 050 ## - LIBRARY OF CONGRESS CALL NUMBER | |
| Classification number | HV2475 |
| Item number | .B3111 2003 |
| 245 ## - TITLE STATEMENT | |
| Title | Basic sign vocabulary for Filipino children |
| Remainder of title | Special Education Division |
| 300 ## - PHYSICAL DESCRIPTION | |
| Extent | 166 pages |
| Other physical details | Illustrations |
| Dimensions | 27 cm. |
| 650 ## - SUBJECT ADDED ENTRY--TOPICAL TERM | |
| Topical term or geographic name entry element | Sign language |
| 942 ## - ADDED ENTRY ELEMENTS (KOHA) | |
| Source of classification or shelving scheme | Library of Congress Classification |
| Koha item type | Filipiniana |
| Withdrawn status | Source of classification or shelving scheme | Damaged status | Not for loan | Home library | Current library | Shelving location | Date acquired | Total Checkouts | Full call number | Barcode | Date last seen | Price effective from | Koha item type |
|---|---|---|---|---|---|---|---|---|---|---|---|---|---|
| Library of Congress Classification | Cainta College Library | Cainta College Library | On Display | 07/20/2016 | HV2475.B3111 2003 | URSCAI-3569 | 07/20/2016 | 07/20/2016 | Filipiniana |